000 00635nam a2200205Ii 4500
003 JO-AjNU
008 230605s9999||||xx |||||||||||||| ||und||
017 _a2008/5/1681
040 _aJO-AjNU
_bara
_erda
_cJO-AjNU
041 _aara
050 1 4 _aPJ7840.I2.N37 2008
100 3 _aتاليف جداية، عبد الرحيم,
_eauthor
_947741
245 0 0 _aنشيد الدوالي
264 3 1 _aعمان: المؤلف ، 2008
300 _a72ص
336 _atext
_btxt
_2rdacontent
337 _aunmediated
_bn
_2rdamedia
338 _avolume
_bnc
_2rdacarrier
650 4 _aالنثر الادبي- الادب العربي
_947742
999 _aA20862
_c24430
_d24430